00604nam a2200205Ia 4500003000400000005001700004008004100021020001900062040000700081041000800088082001700096100002300113245004300136260002000179300000900199650002200208942001300230999001900243952013600262OSt20251117101841.0250729s2005 xx 000 0 und d a978-8171418183 cAL aeng a371.333 RATE aRather A R9224423 aEssentials of instructional technology aNew Delhic2005 a263p aEducation9224424 2ddccBED c236398d236398 00104070aALbALd2025-07-29eSchool Book Companyg150.00l0o371.333 RATEpBED01717r2025-07-29 16:54:48v150.00w2025-07-29yBK